Giáo trình tôn giáo học
Sách trình bày lí luận chung về tôn giáo, hoàn cảnh ra đời, giáo lí của một số tôn giáo tại Việt Nam.
Na minha lista:
| Autor principal: | |
|---|---|
| Formato: | Livro |
| Idioma: | Undetermined |
| Publicado em: |
Hà Nội
Đại học Sư phạm Hà Nội
2009
|
| Assuntos: | |
| Tags: |
Adicionar Tag
Sem tags, seja o primeiro a adicionar uma tag!
|
| Thư viện lưu trữ: | Trung tâm Học liệu Trường Đại học Cần Thơ |
|---|
| LEADER | 00795nam a2200205Ia 4500 | ||
|---|---|---|---|
| 001 | CTU_156668 | ||
| 008 | 210402s9999 xx 000 0 und d | ||
| 020 | |c 31000 | ||
| 082 | |a 200.71 | ||
| 082 | |b S312 | ||
| 100 | |a Trần, Đăng Sinh | ||
| 245 | 0 | |a Giáo trình tôn giáo học | |
| 245 | 0 | |c Trần Đăng Sinh, Đào Đức Dõan | |
| 260 | |a Hà Nội | ||
| 260 | |b Đại học Sư phạm Hà Nội | ||
| 260 | |c 2009 | ||
| 520 | |a Sách trình bày lí luận chung về tôn giáo, hoàn cảnh ra đời, giáo lí của một số tôn giáo tại Việt Nam. | ||
| 650 | |a Religions,Philosophy and religion,Tôn giáo,Tôn giáo và triết lí | ||
| 904 | |i Năm | ||
| 980 | |a Trung tâm Học liệu Trường Đại học Cần Thơ | ||